Top 15 Länder mit Covid-19-Todesfällen - 12. Januar 2022 - Statistiken

Allgemein
  • Dieses Quiz wurde 16 mal gespielt
  • Das Durchschnittsergebnis liegt bei 14 aus 27
Antwortstatistiken
Land % Korrekt
Vereinigte Staaten
94%
Deutschland
81%
Indien
81%
Brasilien
75%
Frankreich
75%
Italien
75%
Vereinigtes Königreich
75%
Russland
69%
Mexiko
63%
Polen
56%
Tschechien
56%
Argentinien
50%
Iran
50%
Kolumbien
44%
Peru
44%
Slowakei
44%
Slowenien
44%
Ungarn
44%
Bulgarien
38%
Indonesien
38%
Bosnien und Herzegowina
31%
Kroatien
31%
Rumänien
31%
Georgien
25%
Nordmazedonien
25%
Armenien
19%
Litauen
19%
Keine übereinstimmenden Quizze gefunden
Verteilung der Resultate
Anzahl Personen mit jedem Resultat
Perzentil nach korrekt beantworteten Fragen
Ihre Resultats-Entwicklung
Sie haben dieses Quiz noch nicht gespielt